NFL Offensive Starters 2025 - Statistics

General Stats
  • This quiz has been taken 36 times
  • The average score is 73 of 144
Answer Stats
TEAM POSITION PLAYER % Correct
NYJ QB Brady Cook/Justin Fields
100%
NYJ RB Braelon Allen
100%
BUF RB James Cook
100%
BUF QB Josh Allen
100%
LAC WR Keenan Allen
100%
MIA QB Quinn Ewers/Tua Tagovailoa
94%
BAL RB Derrick Henry
90%
NE QB Drake Maye
90%
NE TE Hunter Henry
90%
MIA WR Jaylen Waddle
90%
BAL RB Justice Hill
90%
BUF WR Khalil Shakir
90%
NE WR Stefon Diggs
90%
BUF TE Dalton Kincaid
87%
MIA RB De'Von Achane
87%
CIN WR Ja'Marr Chase
84%
BUF WR Keon Coleman
84%
BAL QB Lamar Jackson
84%
CLE QB Shedeur Sanders
84%
NYJ RB Breece Hall
81%
NYJ WR Garrett Wilson
81%
CIN QB Joe Burrow
81%
MIA WR Cedrick Wilson
77%
CIN RB Chase Brown
77%
HOU QB CJ Stroud
77%
KC WR Hollywood Brown
77%
IND RB Jonathan Taylor
77%
NYJ TE Mason Taylor
77%
NE RB Rhamondre Stevenson
77%
CIN WR Tee Higgins
77%
JAX QB Trevor Lawrence
77%
LV QB Geno Smith
74%
HOU WR Jayden Higgins
74%
PIT TE Jonnu Smith
74%
HOU RB Nick Chubb
74%
PIT QB Aaron Rodgers
71%
DEN QB Bo Nix
71%
BUF TE Dawson Knox
71%
LAC QB Justin Herbert
71%
BAL TE Mark Andrews
71%
NE RB TreVeyon Henderson
71%
BAL WR Zay Flowers
71%
JAX WR Brian Thomas Jr.
68%
CLE WR Jerry Jeudy
68%
KC TE Travis Kelce
68%
MIA TE Darren Waller
65%
LV RB Ashton Jeanty
61%
MIA WR Malik Washington
61%
BAL TE Isaiah Likely
61%
PIT RB Jaylen Warren
61%
NE WR Kayshon Boutte
61%
HOU WR Nico Collins
61%
JAX WR Parker Washington
61%
CLE RB Quinshon Judkins
61%
BUF RB Ray Davis
61%
JAX RB Travis Etienne Jr.
61%
IND TE Tyler Warren
61%
IND WR Alec Pierce
58%
LV TE Brock Bowers
58%
TEN QB Cam Ward
58%
DEN WR Courtland Sutton
58%
PIT WR DK Metcalf
58%
BUF WR Brandin Cooks
55%
BAL WR DeAndre Hopkins
55%
LAC RB Omarion Hampton
55%
CLE TE David Njoku
52%
KC QB Gardner Minshew
52%
KC RB Kareem Hunt
52%
CIN WR Ke'Shawn Williams
52%
LAC WR Ladd McConkey
52%
IND WR Michael Pittman Jr.
52%
BAL WR Rashod Bateman
52%
TEN RB Tony Pollard
52%
HOU RB Woody Marks
52%
HOU TE Dalton Schultz
48%
NE WR DeMario Douglas
48%
DEN WR Marvin Mims Jr.
48%
LV RB Raheem Mostert
48%
HOU WR Christian Kirk
45%
CLE TE Harold Fannin Jr.
45%
LV TE Michael Mayer
45%
LAC WR Quentin Johnston
45%
KC WR Rashee Rice
45%
LAC WR Tre' Harris
45%
NYJ WR Adonai Mitchell
42%
TEN WR Calvin Ridley
42%
DEN TE Evan Engram
42%
KC RB Isiah Pacheco
42%
JAX WR Jakobi Meyers
42%
IND WR Josh Downs
42%
PIT RB Kenneth Gainwell
42%
CIN TE Mike Gesicki
42%
LAC RB Najee Harris
42%
KC WR Xavier Worthy
42%
CIN WR Andrei Iosivas
39%
NE TE Austin Hooper
39%
PIT TE Pat Freiermuth
39%
CIN RB Samaje Perine
39%
LAC TE Oronde Gadsden
35%
DEN RB RJ Harvey
35%
LV WR Tre Tucker
35%
DEN WR Troy Franklin
35%
JAX RB Bhayshul Tuten
32%
JAX TE Brenton Strange
32%
PIT WR Calvin Austin III
32%
CLE WR Cedric Tillman
32%
TEN TE Chig Okonkwo
32%
IND QB Riley Leonard
32%
TEN RB Tyjae Spears
32%
TEN WR Chimere Dike
29%
TEN WR Elic Ayomanor
29%
KC TE Noah Gray
29%
MIA RB Jaylen Wright
26%
LAC TE Will Dissly
26%
LV WR Dont'e Thornton Jr.
23%
CLE RB Dylan Sampson
23%
LV WR Jack Bech
23%
DEN RB Jahleel McLaughlin
23%
MIA WR Nick Westbrook-Ikhine
23%
CIN TE Noah Fant
23%
KC WR Tyquan Thornton
23%
BUF WR Tyrell Shavers
23%
TEN WR Van Jefferson
23%
HOU WR Xavier Hutchinson
23%
PIT WR Marquez Valdes-Scantling
19%
DEN TE Adam Trautman
16%
TEN TE Gunnar Helm
16%
CLE WR Isaiah Bond
16%
IND TE Mo Alie-Cox
16%
LV WR Tyler Lockett
16%
NYJ WR John Metchie III
13%
NE WR Efton Chism III
10%
MIA TE Greg Dulcich
10%
NYJ TE Jeremy Ruckert
10%
NYJ WR Josh Reynolds
10%
IND RB Ameer Abdullah
6%
PIT WR Ben Skowronek
6%
HOU TE Cade Stover
6%
BAL WR Devontez Walker
6%
JAX WR Tim Patrick
6%
DEN WR Pat Bryant
3%
JAX TE Quintin Morris
3%
IND WR Ashton Dulin
0%
CLE WR Jamari Thrash
0%
No matching quizzes found
Score Distribution
Percent of People with Each Score
Percentile by Number Answered
Your Score History
You have not taken this quiz